000
00311nam a2200133Ia 4500
008
230818s2010 xx 000 0 und d
041
_a
eng
100
_a
Brother
245
_a
French country Cooking
260
_b
Quantum pub
_c
2010
300
_a
256p
520
_a
Reference Copy
999
_c
853063
_d
853063
650
_a
Food Production